Cartas del desierto

Guardat en:
Dades bibliogràfiques
Autor principal: Gubbins, Georgina (Autor)
Format: Llibre
Idioma:espanyol
Publicat: Santiago Andrés bello 1996
Edició:1a. ed
Matèries:
Etiquetes: Afegir etiqueta
Sense etiquetes, Sigues el primer a etiquetar aquest registre!

MARC

LEADER 00000nam a2200000 a 4500
001 UCH5014
003 CL-VaPUC
008 090916e19960000CL |||||||||||||||||spa|d
020 |a 9561313839 
082 0 4 |a Ch866  |b GUB  |2 21 
100 0 |a Gubbins, Georgina  |e author  |9 541130 
245 1 0 |a Cartas del desierto 
250 |a 1a. ed 
300 |a 93 p 
942 |c BK 
945 |d 20090916 00:00:00  |a rbrito 
260 |a Santiago  |b Andrés bello  |c 1996 
650 7 |a CORRESPONDENCIAS  |2 CL-VaPUC  |9 256500 
650 7 |a CORRESPONDENCIAS CHILENAS  |2 CL-VaPUC  |9 455641 
650 0 |a Literatura chilena   |9 308278 
583 |a last modification  |c 20090916 00:00:00  |k Rodrigo Vera 
999 |c 336244  |d 336242 
952 |0 0  |1 0  |4 0  |6 CH_866_000000000000000_GUB_1996  |7 0  |8 X  |9 427239  |a FDOBUD  |b FDOBUD  |d 2019-11-22  |i 4596153  |o Ch866 GUB 1996  |p 4596153  |r 2019-11-22  |w 2019-11-22  |y BK_X  |k BUD